Loading...
Literature - Long Fiction | 1 | 6 | 2 | 1 | 65 | 77 | 109.14 | 1 | 5 |
Social Science | 1 | 5 | 2 | 2 | 55 | 48 | 104.33 | 1 | 5 |
Other Academic | 2 | 2 | 0 | 0 | 50 | 21 | 83.75 | 1 | 3 |
Literature - Poetry | 2 | 2 | 0 | 0 | 50 | 39 | 81.75 | 1 | 3 |
Science - Chemistry | 1 | 2 | 0 | 0 | 35 | 22 | 66.00 | 1 | 2 |
Science - Biology | 0 | 4 | 1 | 0 | 35 | 74 | 92.25 | 2 | 4 |
History - American History | 2 | 0 | 0 | 0 | 30 | 24 | 34.00 | 1 | 2 |
Fine Arts - Classical Music | 1 | 2 | 1 | 0 | 30 | 57 | 71.67 | 2 | 3 |
History - Other History | 2 | 0 | 0 | 0 | 30 | 45 | 55.00 | 1 | 1 |
Literature - Drama | 1 | 1 | 0 | 0 | 25 | 67 | 85.50 | 0 | 2 |
Literature - Short Fiction | 1 | 1 | 0 | 0 | 25 | 64 | 74.50 | 1 | 1 |
Current Events | 1 | 1 | 1 | 0 | 20 | 47 | 61.50 | 0 | 1 |
Philosophy | 0 | 3 | 2 | 0 | 20 | 99 | 103.67 | 0 | 3 |
Science - Other Science | 1 | 1 | 1 | 0 | 20 | 54 | 80.00 | 1 | 2 |
Science - Physics | 1 | 0 | 1 | 0 | 10 | 50 | 50.00 | 0 | 1 |
Literature - Misc Literature | 0 | 1 | 0 | 0 | 10 | 86 | 86.00 | 0 | 1 |
History - World History | 1 | 0 | 2 | 0 | 5 | 56 | 56.00 | 1 | 1 |
Fine Arts - Painting and Sculpture | 0 | 0 | 1 | 0 | -5 | 0.00 | 0 | 0 | |
Fine Arts - Other Fine Arts | 0 | 1 | 3 | 0 | -5 | 84 | 84.00 | 0 | 1 |
Religion | 0 | 0 | 2 | 0 | -10 | 0.00 | 0 | 0 | |
Geography | 0 | 0 | 3 | 0 | -15 | 0.00 | 0 | 0 |